=LDR 00000nam 2200000 4500 =001 INLIS000000000026280 =005 20130612124731 =008 ***********************************Ind** =035 ##$$0010-061300000026280 =041 ##$$a Ind =082 ##$$a 538.2 =090 ##$$a 538.2, Woo l =100 ##$$a Woodford, Chris =245 ##$$a Listrik dan magnetisme, Chris Woodford =260 ##$$a 2006 $b Jakarta =300 ##$$a 64 hlm, ilus, 28 cm =650 ##$$a Magnet =850 ##$$a NBPNMAT